| 000 | 00478nam a2200169 a 4500 | ||
|---|---|---|---|
| 001 | 1833 | ||
| 003 | CDMR | ||
| 005 | 20130228191247.0 | ||
| 008 | 130130s1993||||||||||||||||||||||||||||d | ||
| 020 | _a8486812372 | ||
| 040 |
_aCDMR _bcat _cCPC GIRONA |
||
| 100 | 1 |
_aArnall, Josepa _91369 |
|
| 245 | 1 | 0 |
_aL'escriptura a les terres gironines _cM. Josepa Arnall i Juan, Josep M. Pons i Guri _b: segles IX-XVIII |
| 260 |
_c1993 _bDiputació de Girona |
||
| 300 | _a2 v. | ||
| 942 |
_cMON _2ddc |
||
| 999 |
_c1833 _d1833 |
||